Devinez la Capitale Mystère #105 - Statistiques

Statistiques générales
  • Ce quiz a été pris 127 fois
  • Le résultat moyen est 30 sur 32
Statistiques - réponses
Type de Réponse Réponse % Correct
Lettre de l'Alphabet A
100%
Lettre Trouvée I
100%
Lettre de l'Alphabet R
100%
Lettre Trouvée S
99%
Lettre de l'Alphabet E
98%
Lettre Bien Placée I
98%
Lettre de l'Alphabet O
98%
Lettre de l'Alphabet P
98%
Lettre de l'Alphabet L
97%
Lettre Trouvée N
97%
Lettre Bien Placée S
97%
Lettre de l'Alphabet B
96%
Lettre de l'Alphabet D
96%
Lettre de l'Alphabet M
96%
Lettre Trouvée T
96%
Lettre de l'Alphabet H
95%
Lettre de l'Alphabet C
94%
Lettre de l'Alphabet K
94%
Lettre de l'Alphabet F
93%
Lettre de l'Alphabet G
93%
Lettre Bien Placée N
92%
Lettre de l'Alphabet V
92%
Lettre de l'Alphabet W
92%
Lettre de l'Alphabet X
92%
Lettre de l'Alphabet J
91%
Lettre Bien Placée T
91%
Lettre Trouvée U
91%
Lettre de l'Alphabet Y
91%
Lettre de l'Alphabet Q
90%
Lettre Bien Placée U
90%
Capitale Mystère Tunis
89%
Lettre de l'Alphabet Z
89%
Aucun quiz correspondant
Distribution des résultats
% des personnes avec chaque résultat
Percentile par nombre de réponses
Votre historique - résultats
Vous n’avez pas pris ce quiz